000
00417nam a2200145Ia 4500
008
100204s9999 xx 000 0 und d
082
_b
9944
100
_a
नाईक गुरुनाथ
245
_a
खतरनाक
260
_b
"पूजा प्रकाशन , मुंबई 14"
_c
1987
300
_a
142
630
_a
खतरनाक
730
_a
खतरनाक
942
_c
BOOK
999
_c
454380
_d
454377